Lincoln City 2024/2025 Strikers - Statistics

General Stats
  • This quiz has been taken 13 times
  • The average score is 5 of 7
Answer Stats
Hint Answer % Correct
34. Freddie Draper
82%
25. James Collins
82%
27. Jovon Makama
82%
18. Ben House
73%
29. Rob Street
73%
9. Bailey Cadamarteri
45%
19. Tyler Walker
27%
No matching quizzes found
Score Distribution
Percent of People with Each Score
Percentile by Number Answered
Your Score History
You have not taken this quiz